000 00676cab a2200229 4500
001 WB3108-17
008 090401t1995 xxu||||| |||| 00| 0 eng d
035 _a(Sirsi) u9544
041 _aeng
245 _aHelp in buying an old home
260 _c1995
350 _a0
490 _aSunday Times
_v19 February 1995, 5.8(1)
520 _aThe Lend & Repair Service set up by Property Underwriting Services assists buyers obtain mortgages for properties in need of repair.
650 _aLEND & REPAIR SERVICE
650 _aMORTGAGES
650 _aPROPERTY UNDERWRITING SERVICES
650 _aREPAIRS
690 _aHOUSING-FINANCE
942 _n0
948 _c04/03/1997
999 _c5979
_d5979